W = X ? Le travail, cet illustre inconnu (notice n° 2224245)

détails MARC
000 -LEADER
fixed length control field 01836cam a2200169 4500500
005 - DATE AND TIME OF LATEST TRANSACTION
control field 20260426012539.0
041 ## - LANGUAGE CODE
Language code of text/sound track or separate title fre
042 ## - AUTHENTICATION CODE
Authentication code dc
100 10 - MAIN ENTRY--PERSONAL NAME
Personal name Volpi, Rémy
Relator term author
245 00 - TITLE STATEMENT
Title W = X ? Le travail, cet illustre inconnu
260 ## - PUBLICATION, DISTRIBUTION, ETC.
Date of publication, distribution, etc. 2005.<br/>
500 ## - GENERAL NOTE
General note 96
520 ## - SUMMARY, ETC.
Summary, etc. Le marxisme analyse sèchement le travail comme la cruelle impasse de l’exploitation de l’homme par l’homme Dans la vraie vie, le travail est un concept dense et complexe. Par ailleurs, le sacro-saint clivage entre capital et travail s’estompe. De plus, le travail divisé n’est pas l’apanage du capitalisme mais celui de la logique industrielle. Ensuite c’est l’intensité du désir d’achat qui fait la valeur, indépendamment du travail incorporé. Enfin, le talent, aptitude à saisir l’air du temps et à en tirer parti, valorise les biens. Aussi, le socialisme scientifique appliqué a-t-il transformé l’exploitation de l’homme par l’homme en son exact inverse.
520 ## - SUMMARY, ETC.
Summary, etc. W = X? Work, a glorious but unknown factor Marxism dryly analyses work as the painful dead-end of the exploitation of man by man. In real life, work is a dense and complex concept. And the sacrosanct clear-cut division between work and capital is fading away. In addition, taylorism is not specific to capitalism but to industrial logic. Furthermore, value depends on how much a good is desired, irrespective of the amount of work that produced it. Last but not least, talent, this ability to seize and take advantage of the Zeitgeist, enhances goods value. Thus, applied scientific socialism did transform the exploitation of man by man into its very reverse.
786 0# - DATA SOURCE ENTRY
Note Innovations | 22 | 2 | 2005-09-01 | p. 185-203 | 1267-4982
856 41 - ELECTRONIC LOCATION AND ACCESS
Uniform Resource Identifier <a href="https://shs.cairn.info/revue-innovations-2005-2-page-185?lang=fr&redirect-ssocas=7080">https://shs.cairn.info/revue-innovations-2005-2-page-185?lang=fr&redirect-ssocas=7080</a>

Pas d'exemplaire disponible.

PLUDOC

PLUDOC est la plateforme unique et centralisée de gestion des bibliothèques physiques et numériques de Guinée administré par le CEDUST. Elle est la plus grande base de données de ressources documentaires pour les Étudiants, Enseignants chercheurs et Chercheurs de Guinée.

Adresse

627 919 101/664 919 101

25 boulevard du commerce
Kaloum, Conakry, Guinée

Réseaux sociaux

Powered by Netsen Group @ 2025